| 000 | 00562nam a22001697a 4500 | ||
|---|---|---|---|
| 003 | NUST | ||
| 038 | _aNusrat Nadeem | ||
| 082 | _a200 | ||
| 100 |
_aKhan, Humayun Zubair _9124464 |
||
| 245 |
_aResource Allocation in Uplink Downlink Decoupled Heterogeneous Networks/ _cHumayun Zubair Khan |
||
| 264 |
_aRawalpindi; _bMCS NUST; _c2020. |
||
| 300 |
_a129,p; _bill; _c30,cm. |
||
| 650 |
_aPh.D-Electrical Engineering _9124451 |
||
| 700 |
_aSuperviseor : Dr. Imran Rashid _9124465 |
||
| 856 | _uhttp://10.250.8.41:8080/xmlui/handle/123456789/4646 | ||
| 942 |
_2ddc _cSC |
||
| 999 |
_c610319 _d610319 |
||